Upanishad-vangmay vividh aayam/ (Record no. 48302)

000 -LEADER
fixed length control field 00445nam a22001691a 4500
020 ## - INTERNATIONAL STANDARD BOOK NUMBER
International Standard Book Number 9788170813804
082 ## - DEWEY DECIMAL CLASSIFICATION NUMBER
Classification number H 294.592 18
Item number VAI/U
100 ## - MAIN ENTRY--PERSONAL NAME
Personal name Vaidic Vedavathi
9 (RLIN) 73258
245 ## - TITLE STATEMENT
Title Upanishad-vangmay vividh aayam/
Statement of responsibility, etc. by Vaidic Vedavathi.
260 ## - PUBLICATION, DISTRIBUTION, ETC.
Place of publication, distribution, etc. Delhi:
Name of publisher, distributor, etc. NAG,
Date of publication, distribution, etc. 1997.
300 ## - PHYSICAL DESCRIPTION
Extent 238p.
650 ## - SUBJECT ADDED ENTRY--TOPICAL TERM
Topical term or geographic name entry element Vedic Literature
9 (RLIN) 73259
650 ## - SUBJECT ADDED ENTRY--TOPICAL TERM
Topical term or geographic name entry element Upanishad
9 (RLIN) 73260
650 ## - SUBJECT ADDED ENTRY--TOPICAL TERM
Topical term or geographic name entry element Religion
9 (RLIN) 73261
650 ## - SUBJECT ADDED ENTRY--TOPICAL TERM
Topical term or geographic name entry element Hinduism
9 (RLIN) 73262
942 ## - ADDED ENTRY ELEMENTS (KOHA)
Koha item type Book
Holdings
Withdrawn status Lost status Damaged status Not for loan Permanent Location Current Location Date acquired Cost, normal purchase price Total Checkouts Total Renewals Full call number Barcode Date last seen Date last checked out Cost, replacement price Price effective from Koha item type
        Sree Sankaracharya University of Sanskrit Sree Sankaracharya University of Sanskrit 08.01.2015 61.00 79 1 H 294.592 18 VAI/U 012122 24.03.2026 24.03.2026 0.00 08.01.2015 Book